000
00318nam a22001457a 4500
020
_a
978-81-8266-195-0
082
_a
894.812.1
_b
PAR/O
100
_a
PARAMBIL LATHEEF
245
_a
ONAPPATTUKAL
260
_a
KOZHIKODE
_b
MATHRUBHUMI BOOKS
_c
2015
300
_a
184
520
_a
POETRY
650
_a
POETRY
942
_c
BK
999
_c
4538
_d
4538